00564nam a2200157 a 450000100100000000500170001000800410002704000250006808200130009310000350010624500880014126000480022930000210027750000760029850400320037400004350520201002044823.0140320s2008 dr 000 0 spa d aDO-SdBNPbspacBNPHU axxxbxxx1 aTorres, Lorenzo Eduardod1963-13aEl Estado :bsus derechos y obligaciones internacionales /cLorenzo Eduardo Torres. a[Santo Domingo] :b[Diagramación],c2008. a159 p. ;c21 cm. aIncluye datos biográficos del autor en la solapa de la contracubierta aBibliografía : p. 157-158